000 00972nam0a22002771 4500
001 rc\4781385
005 20250613071022.0
021 _aRU
_bРг5004-60
035 _a(NLR Aleph) 009004121
090 _a9325996
_c9325996
100 _a20130417d1960 |||y0rusy50 ca
101 0 _arus
102 _aRU
105 _aa z |||||
200 1 _aНовые методы крашения шерсти
_fНауч.-техн. ком. Совета Министров Латв. ССР
210 _aРига
_cЦБТИ
_d1960
215 _a11 л., 1 л. ил.
_d29
225 1 _a7-я серия. Легкая промышленность
300 _aНапеч. на ротапринте
712 0 1 _4570
_aЛатвССР
_bГосударственный научно-технический комитет
_9483745
_3RU\NLR\AUTH\880408860
801 0 _aRU
_bNLR
_gpsbo
801 1 _aRU
_bELAR
_2rusmarc
852 _aNLR
_j60-8/1809
942 _cBOOK
980 _aNB